Prénom en commun #5 - Nicolas - Statistiques

Statistiques générales
  • Ce quiz a été pris 213 fois
  • Le résultat moyen est 7 sur 13
Statistiques - réponses
Indice Prénom Nom % Correct
Président de la République française du 16 mai 2007 au 15 mai 2012. Nicolas Sarkozy
98%
Acteur américain vu dans Lord of War, Ghost Rider et Benjamin Gates. Nicolas Cage
79%
Connu du public pour son émission télévisée Ushuaïa. Nicolas Hulot
75%
Célèbre pour avoir développé la théorie selon laquelle la Terre tourne autour du Soleil, contre l'opinion alors admise que la Terre était centrale et immobile. Nicolas Copernic
71%
Chanteur principal et guitariste du groupe français Indochine. Nicola Sirkis
64%
Humoriste français ayant fait 40 voix des Guignols de l'info entre 1992 et 2011. Nicolas Canteloup
59%
Connu pour son rôle dans le développement et l'adoption du courant alternatif pour le transport et la distribution de l'électricité. Nikola Tesla
57%
Footballeur international français cumulant 69 sélections. Nicolas Anelka
55%
Un mythe fit de lui un alchimiste ayant réussi dans la quête de la pierre philosophale. Nicolas Flamel
52%
Joueur de basket-ball français, médaillé d'argent aux Jeux olympiques de Tokyo 2020. Nicolas Batum
40%
Philosophe politique et humaniste florentin de la Renaissance. Nicolas Machiavel
23%
Romancier considéré comme l'un des écrivains classiques de la littérature russe. Nicolas Gogol
21%
Joueur et capitaine français de tennis, double vaiqueur de la coupe Davis. Nicolas Escudé
18%
Aucun quiz correspondant
Distribution des résultats
% des personnes avec chaque résultat
Percentile par nombre de réponses
Votre historique - résultats
Vous n’avez pas pris ce quiz